|
|
|
|
| LEADER |
00000nam0a2200000 4500 |
| 001 |
264110 |
| 005 |
20231101233813.0 |
| 035 |
|
|
|a (RuTPU)RU\TPU\book\287101
|
| 090 |
|
|
|a 264110
|
| 100 |
|
|
|a 20140616d1988 m y0rusy50 ca
|
| 101 |
0 |
|
|a rus
|
| 102 |
|
|
|a RU
|
| 105 |
|
|
|a a j 001zy
|
| 200 |
1 |
|
|a Передача речи по сетям передачи данных с коммутацией пакетов
|e учебное пособие
|f А. А. Агаян [и др.]
|g Всесоюзный институт повышения квалификации руководящих работников и специалистов
|
| 210 |
|
|
|a Москва
|d 1988
|
| 215 |
|
|
|a 75 с.
|c ил.
|
| 320 |
|
|
|a Библиогр.: с. 73-74.
|
| 606 |
1 |
|
|a Вычислительные сети
|x Каналы связи
|2 stltpush
|3 (RuTPU)RU\TPU\subj\4253
|9 32545
|
| 610 |
1 |
|
|a речь
|
| 610 |
1 |
|
|a передача
|
| 610 |
1 |
|
|a сети передач
|
| 610 |
1 |
|
|a данные
|
| 610 |
1 |
|
|a коммутация
|
| 610 |
1 |
|
|a учебные пособия
|
| 610 |
1 |
|
|a архитектура
|
| 610 |
1 |
|
|a обработка
|
| 675 |
|
|
|a 681.327.8(075.8)
|v 3
|
| 701 |
|
1 |
|a Агаян
|b А. А.
|
| 701 |
|
1 |
|a Захаренко
|b Г. П.
|
| 701 |
|
1 |
|a Родионов
|b А. В.
|
| 701 |
|
1 |
|a Цыбрин
|b В. Г.
|
| 712 |
0 |
2 |
|a Всесоюзный институт повышения квалификации руководящих работников и специалистов материально-технического снабжения
|c (Москва)
|2 stltpush
|3 (RuTPU)RU\TPU\col\20392
|9 27731
|
| 801 |
|
1 |
|a RU
|b 63413507
|c 20140616
|
| 801 |
|
2 |
|a RU
|b 63413507
|c 20150414
|g RCR
|
| 942 |
|
|
|c BK
|